Logical reasoning and data interpretation for CAT: (Record no. 158173)

MARC details
000 -LEADER
fixed length control field 00703nam a22002057a 4500
005 - DATE AND TIME OF LATEST TRANSACTION
control field 20181018160423.0
010 ## - LCCN (DPL NO)
LC control number ENG-124329
020 ## - INTERNATIONAL STANDARD BOOK NUMBER
International Standard Book Number 9789386873514
Terms of availability 795.00
035 ## - SYSTEM CONTROL NUMBER
System control number EN-107861
037 ## - SOURCE OF ACQUISITION
Source of stock number/acquisition DBAD/PUB
082 ## - DEWEY DECIMAL CLASSIFICATION NUMBER
Classification number 000
100 ## - MAIN ENTRY--PERSONAL NAME
Personal name Sinha, Nishit K.
245 ## - TITLE STATEMENT
Title Logical reasoning and data interpretation for CAT:
Statement of responsibility, etc by Nishit K. Sinha
Remainder of title also useful for other MBA entrance examinations /
250 ## - EDITION STATEMENT
Edition statement 6th ed.
260 ## - PUBLICATION, DISTRIBUTION, ETC. (IMPRINT)
Place of publication, distribution, etc Noida
Name of publisher, distributor, etc Pearson
Date of publication, distribution, etc 2019
270 ## - ADDRESS
Address 15th Floor, Tower B, Worls Trade Tower, Plot No.1, Block -C
City Noida (UP)
Postal code 201301
300 ## - PHYSICAL DESCRIPTION
Extent xxii,various paging
Dimensions 27cm.(pbk)
Other physical details ill.
500 ## - GENERAL NOTE
General note It includes Mock Test 1-3.
942 ## - ADDED ENTRY ELEMENTS (KOHA)
Source of classification or shelving scheme Dewey Decimal Classification
Item type English Books
Classification part 000
Call number suffix SIN
Holdings
Withdrawn status Lost status Not for loan Collection code Home library Current library Date acquired Source of acquisition Cost, normal purchase price Full call number Barcode Copy number Cost, replacement price Koha item type
    Not For Loan Non-fiction D.B.Act.Division Bawana 18/10/2018 DBAD/PUB 795.00 000 SIN EN-107861 1 795.00 English Books

© Delhi Public Library
Hit Counter
free hit counter